000 00936nam a22002417a 4500
005 20170124105919.0
010 _aA-752984
020 _c40.00
035 _aA-752984
037 _bCen Lib/Ret
040 _aDPL
_bEN
082 _a361.3092
_bGOP
100 _aGopalkrishanan, M.D.
_93769
245 _aPeriyar :
_cby M. D. Gopalkrishanan
_bfather of the tamil race /
246 _b
260 _bEmrald Publishaers
_aMadras
_c1991
270 _bMadras
_a135, annasalai
_e600002
300 _a102p.
_c20cm(Hb)
500 _aIncludes appendix
650 _aSocial Science
_9108387
650 _aReligious Dogmantism
_93771
942 _2ddc
_cEN
_h361.3092
_mGOP
999 _c123036
_d123036